[Event "HCL-B224"]
[Site "www.playchess.de"]
[Date "2001.04.14"]
[Round "4"]
[White "sonnygarcia"]
[Black "donkey"]
[WhiteElo "1124"]
[BlackElo "1238"]
[PlyCount "38"]
[Result "0-1"]

1.e4 c5 2.c3 d6 3.d4 Nf6 4.Bd3 g6 5.Bg5 Bg7 6.e5 
dxe5 7.dxe5 Ng4 8.f4 h6 9.Bh4 Nc6 10.Qa4 Qxd3 
{nice gift!}  11.Bf2 Nxf2 12.Kxf2 Bd7 13.Qb3 Na5 
14.Qa3 b6 15.b4 Nc4 16.Qc1 O-O 17.Ne2 Bg4 18.Re1 
g5 19.g3 Qf3+ {mate in 3 moves!} 
 0-1

[Event "HCL-C224"]
[Site "www.playchess.de"]
[Date "2001.04.14"]
[Round "9"]
[White "Sirob11"]
[Black "yaroslav"]
[WhiteElo "999"]
[BlackElo "1109"]
[PlyCount "47"]
[Result "1-0"]

1.e4 {Hello}  e5 2.Nf3 d6 3.Bc4 f5 4.Ng5 Qxg5 
5.O-O f4 6.Qf3 Bg4 7.Qb3 Nh6 8.Qxb7 Bh3 9.g3 Bxf1 
10.Kxf1 Qg4 11.Nc3 Qh3+ 12.Ke2 Na6 13.Qxa8+ Ke7 
14.Bxa6 Ng4 15.Nd5+ Kf7 16.Bc4 Qxh2 17.Nxc7+ Kg6 
18.Qe8+ Kh6 19.Qe6+ Kh5 20.Qf5+ g5 21.Bf7+ Kh6 
22.Qxg4 d5 23.Qe6+ Kg7 24.Ne8+ 1-0

[Event "ACL-A131"]
[Site "www.playchess.de"]
[Date "2001.04.14"]
[Round "10"]
[White "ggaarrii"]
[Black "dendral"]
[WhiteElo "1211"]
[BlackElo "1500"]
[PlyCount "60"]
[Result "0-1"]

1.e4 {Hello from Umag, Croatia! & good luck :-)}  
c5 {Hello from Scotland}  2.Nf3 d6 3.d4 cxd4 
4.Nxd4 Nf6 5.Nc3 a6 6.Be2 e5 7.Nb3 Be7 8.a4 Be6 
9.Bf3 O-O 10.Nd5 Nxd5 11.exd5 Bf5 12.Nd2 Nd7 
13.Ne4 Bxe4 14.Bxe4 f5 15.Bd3 Qa5+ 16.Bd2 Qxd5 
17.O-O Qe6 18.Bc3 d5 19.f4 e4 20.Be2 Nb8 21.b3 Nc6 
22.Bb2 Rfd8 23.c4 Bc5+ 24.Kh1 d4 25.Qe1 d3 26.Bd1 
e3 27.Bf3 e2 28.Rf2 d2 29.Qxe2 Qxe2 30.Bd5+ 
Rxd5 0-1

[Event "HCL-C242"]
[Site "www.playchess.de"]
[Date "2001.04.14"]
[Round "6"]
[White "Petra"]
[Black "patzyman"]
[WhiteElo "1036"]
[BlackElo "1000"]
[PlyCount "82"]
[Result "0-1"]

1.e4 e5 2.Nf3 Nc6 3.Bc4 Bc5 4.c3 Nf6 5.d4 exd4 
6.cxd4 Bb4+ 7.Bd2 Bxd2+ 8.Nbxd2 d5 9.exd5 Nxd5 
10.Qe2+ Be6 11.O-O O-O 12.Rae1 Re8 13.Ne5 Nxd4 
14.Qe4 c5 15.Nb3 Nf6 16.Qd3 Bxc4 17.Qxc4 Nxb3 
18.Qxb3 Qd5 19.Qxd5 Nxd5 20.Nd3 b6 21.Re5 Rxe5 
22.Nxe5 Re8 23.Re1 f6 24.Nf3 Rxe1+ 25.Nxe1 Kf7 
26.f3 Ke6 27.Kf2 Ke5 28.Nd3+ Kd4 29.Ke2 Kc4 30.Kd2 
Nb4 31.Nxb4 Kxb4 32.Kc2 Kc4 33.b3+ Kd4 34.h4 Ke3 
35.Kc3 Kf2 36.b4 cxb4+ 37.Kxb4 Kxg2 38.Kb5 Kxf3 
39.a4 Ke4 40.Ka6 f5 41.Kxa7 f4 {Petra, good game, 
but this one is over...it's a won game for black} 
 0-1

[Event "HCL-B246"]
[Site "www.playchess.de"]
[Date "2001.04.14"]
[Round "1"]
[White "Lenny"]
[Black "Antagonist"]
[WhiteElo "1200"]
[BlackElo "1500"]
[PlyCount "38"]
[Result "0-1"]

1.e4 Nf6 2.Nc3 d6 3.d4 h6 4.Nf3 a6 5.Bc4 b5 6.Bd5 
Nxd5 7.Nxd5 Bb7 8.O-O e6 9.Nc3 Be7 10.Bf4 g5 
11.Be3 c6 12.e5 d5 13.a4 b4 14.Ne2 Nd7 15.Qd3 a5 
16.c3 Ba6 17.Qc2 g4 {looks like there's just the 
two of us left.  hi.  i'm axel by the way.}  
18.Nd2 Bxe2 19.Rfe1 Ba6 0-1

[Event "HCL-C241"]
[Site "www.playchess.de"]
[Date "2001.04.14"]
[Round "25"]
[White "Trickster"]
[Black "foxzy"]
[WhiteElo "904"]
[BlackElo "1077"]
[PlyCount "42"]
[Result "0-1"]

1.d4 {hello}  d5 2.e3 e6 3.Nc3 Bb4 4.a3 Bxc3+ 
5.bxc3 Nf6 6.Bb5+ Bd7 7.Qd3 O-O 8.Bxd7 Nbxd7 9.Nf3 
c5 10.Ng5 Rc8 11.Rb1 b6 12.Qa6 Rc7 13.Rb5 cxd4 
14.cxd4 Rxc2 15.Bd2 Qc7 16.Bb4 Rc1+ 17.Ke2 Rxh1 
18.Bxf8 Nxf8 19.a4 Qc2+ 20.Kf3 Qd1+ 21.Kg3 
Qg4+ 0-1

[Event "HCL-A110"]
[Site "www.playchess.de"]
[Date "2001.04.14"]
[Round "5"]
[White "deadeasy"]
[Black "Wallbank"]
[WhiteElo "1902"]
[BlackElo "1700"]
[PlyCount "33"]
[Result "1-0"]

1.d4 Nf6 2.Nc3 d5 3.e4 dxe4 4.f3 exf3 5.Nxf3 Bg4 
6.h3 Bh5 7.g4 Bg6 8.Ne5 e6 9.Qf3 c6 10.g5 Bh5 
11.Qf2 Nfd7 12.Be2 Nxe5 13.Bxh5 Ng6 14.Rf1 Qd7 
15.Ne4 Na6 16.c3 Nc7 17.Bd2 1-0

[Event "HCL-A110"]
[Site "www.playchess.de"]
[Date "2001.04.14"]
[Round "8"]
[White "Wallbank"]
[Black "n4337m"]
[WhiteElo "1700"]
[BlackElo "1700"]
[PlyCount "32"]
[Result "0-1"]

1.d4 Nf6 2.c4 c5 3.d5 {Funnily enough, this is the 
opening I'm intending to play as black in one of 
my other games}  b5 4.cxb5 a6 5.Nc3 axb5 6.e4 b4 
7.Nb5 d6 8.Bf4 g5 9.Bxg5 Nxe4 10.Bf4 Qa5 11.Qe2 
b3+ 12.Kd1 Ba6 13.a4 Bxb5 14.Qxb5+ Qxb5 15.Bxb5+ 
Kd8 16.Ke2 Nd7 {overall a fairly exciting 
opening!}  0-1

[Event "HCL-B245"]
[Site "www.playchess.de"]
[Date "2001.04.14"]
[Round "2"]
[White "SAROS"]
[Black "sonnygarcia"]
[WhiteElo "1278"]
[BlackElo "1096"]
[PlyCount "37"]
[Result "1/2-1/2"]

1.e4 {hello from Turkey}  e6 2.d4 d5 3.e5 c5 4.c3 
Qb6 5.Na3 cxd4 6.cxd4 Bxa3 7.bxa3 Nc6 8.Be3 Nge7 
9.Ne2 Nf5 10.Nc3 Nxe3 11.fxe3 Bd7 12.Qb3 Qxb3 
13.axb3 O-O 14.Bd3 Ne7 15.O-O Rac8 16.Rac1 Rc6 
17.e4 Rfc8 18.Ne2 R6xc1 19.Rxc1 1/2-1/2

[Event "HCL-B249"]
[Site "www.playchess.de"]
[Date "2001.04.14"]
[Round "8"]
[White "perell"]
[Black "ronen"]
[WhiteElo "1551"]
[BlackElo "1200"]
[PlyCount "47"]
[Result "1-0"]

1.Nf3 {Hi, from Brasil..}  d5 {hi from israel}  
2.d4 e6 3.c4 dxc4 4.Nc3 Nc6 5.e4 Bb4 6.Bxc4 Nf6 
7.Bg5 O-O 8.a3 Bxc3+ 9.bxc3 h6 10.Bxf6 Qxf6 11.O-O 
Qg6 12.e5 f6 13.exf6 Rxf6 14.Qe2 Kh8 15.Nh4 Qg5 
16.g3 e5 17.d5 Na5 18.Bd3 Bh3 19.Qe4 Kg8 20.Rfe1 
Nb3 21.Rad1 Nd2 22.Qxe5 Rxf2 23.Qxg5 hxg5 
24.Kxf2 1-0

[Event "HCL-M007"]
[Site "www.playchess.de"]
[Date "2001.04.14"]
[Round "16"]
[White "Polgar"]
[Black "ARMAGEDON_8"]
[WhiteElo "2200"]
[BlackElo "2257"]
[PlyCount "26"]
[Result "0-1"]

1.d4 Nf6 2.c4 g6 3.Nc3 d5 4.cxd5 Nxd5 5.e4 Nxc3 
6.bxc3 c5 7.Bc4 Bg7 8.Ne2 O-O 9.O-O Nc6 10.Be3 Bg4 
11.f3 Na5 12.Bd3 cxd4 13.cxd4 Be6 0-1

[Event "HCL-E032"]
[Site "www.playchess.de"]
[Date "2001.04.14"]
[Round "5"]
[White "Chris"]
[Black "Muldon"]
[WhiteElo "2053"]
[BlackElo "2000"]
[PlyCount "21"]
[Result "1-0"]

1.c4 e5 2.Nc3 Nf6 3.g3 c6 4.d4 d6 5.dxe5 dxe5 
6.Qxd8+ Kxd8 7.Bg5 Be7 8.O-O-O+ Ke8 9.Bg2 Nbd7 
10.e3 a6 11.Nge2 1-0

[Event "HCL-C249"]
[Site "www.playchess.de"]
[Date "2001.04.14"]
[Round "21"]
[White "TuffGong"]
[Black "Fortis"]
[WhiteElo "1082"]
[BlackElo "1000"]
[PlyCount "37"]
[Result "1-0"]

1.d4 e6 2.Nf3 Qf6 3.e4 Nc6 4.Bg5 Qg6 5.Nc3 a6 6.d5 
Nb8 7.Qd3 f6 8.dxe6 fxg5 9.O-O-O Qxe6 10.Nd5 Bd6 
11.Nxg5 Qg6 12.h4 h6 13.e5 Qxd3 14.Bxd3 Bxe5 
15.Ne4 b5 16.Rhe1 Bb7 17.Nxc7+ Bxc7 18.Nd6+ Kf8 
19.Re8+ 1-0

[Event "ACL-A121"]
[Site "www.playchess.de"]
[Date "2001.04.14"]
[Round "3"]
[White "gigabyte"]
[Black "Mosca"]
[WhiteElo "1500"]
[BlackElo "1500"]
[PlyCount "87"]
[Result "1/2-1/2"]

1.d4 f5 2.g3 Nf6 3.Bg2 d5 4.c4 e6 5.Nh3 c6 6.Qc2 
Be7 7.O-O O-O 8.Nd2 b5 9.cxb5 cxb5 10.Nb3 Bd7 
11.Nc5 Ne4 12.Bxe4 fxe4 13.Nxd7 Qxd7 14.Bg5 Bxg5 
15.Nxg5 h6 16.Nh3 e5 17.Qb3 exd4 18.Nf4 Rf5 
19.Rad1 Nc6 20.f3 exf3 21.exf3 a6 22.Ne2 Qa7 
23.Qd3 Re5 24.Nxd4 Rae8 25.Qc3 Nxd4 26.Qxd4 Qxd4+ 
27.Rxd4 Rc8 28.Rd2 d4 29.Rfd1 Rd5 30.R2xd4 Rxd4 
31.Rxd4 Rc1+ 32.Kf2 Rc2+ 33.Ke3 Rxh2 34.Rb4 Kf7 
35.a4 bxa4 36.Rxa4 Rxb2 37.Rxa6 Rb3+ 38.Kf4 Rb4+ 
39.Ke5 Rb5+ 40.Kd4 Rb3 41.Ke4 Rb4+ 42.Ke5 Rb5+ 
43.Ke4 {pretty desprate for draw ayh}  Rb4+ 
44.Ke5 1/2-1/2

[Event "HCL-C261"]
[Site "www.playchess.de"]
[Date "2001.04.14"]
[Round "6"]
[White "saltsau"]
[Black "trebli"]
[WhiteElo "1000"]
[BlackElo "999"]
[PlyCount "24"]
[Result "0-1"]

1.d4 f5 2.Nc3 d5 3.Bf4 e6 4.a4 Nc6 5.Nf3 Bd7 6.Bg5 
Be7 7.Bd2 h6 8.a5 Nf6 9.e3 O-O 10.Nh4 Be8 11.Ra4 
Nb4 12.Rxb4 Bxb4 0-1

[Event "ACL-A137"]
[Site "www.playchess.de"]
[Date "2001.04.14"]
[Round "17"]
[White "Smutje"]
[Black "richard"]
[WhiteElo "1135"]
[BlackElo "1805"]
[PlyCount "28"]
[Result "0-1"]

1.e3 Nf6 {out of book already?}  2.Qe2 g6 3.e4 d6 
4.h3 Bg7 5.g4 Nc6 6.g5 Nd4 7.Qd3 Nxe4 8.Qxe4 Bf5 
{7gxf was better}  9.Qxb7 Nxc2+ 10.Kd1 Nxa1 11.b3 
Bc2+ {11 Na3 was necessary}  12.Ke1 O-O 13.Na3 Rb8 
14.Qc6 Bf5 0-1

[Event "ACL-A141"]
[Site "www.playchess.de"]
[Date "2001.04.14"]
[Round "15"]
[White "ulibear"]
[Black "deadeasy"]
[WhiteElo "1299"]
[BlackElo "1902"]
[PlyCount "54"]
[Result "0-1"]

1.d4 {have a good game}  f5 2.g3 Nf6 {handshake 
from london.}  3.Bg2 e6 4.Nh3 d5 5.O-O c6 6.b3 Bd6 
7.c4 O-O 8.Nc3 Qe7 9.c5 Bc7 10.Bf4 e5 11.dxe5 Bxe5 
12.Bxe5 Qxe5 13.Rc1 Ne4 14.Nxe4 fxe4 15.Kh1 Na6 
16.Qd2 Bxh3 17.Bxh3 Rxf2 18.Qe3 Rxf1+ 19.Rxf1 d4 
20.Qf4 Qxf4 21.Rxf4 Re8 22.a3 Nxc5 23.b4 d3 24.e3 
{pity I could not take your horse}  d2 25.Bg4 Nd3 
{interesting. I think the translation is springer 
= jumper. We call it a knight not a horse!?}  
26.Rf1 {you're right - we call it horse when it 
just hops around without a fighting knight als 
rider}  g6 {my german is very rusty...almost 30 
years rusty. 1971-5 i lived there}  27.Bd1 {I have 
to resign: 27. Rf8 Rxf8 28. Kxf8 and 29.Nb2 
winning the bishop - jawoll :-)) iBX   will}  Rf8 
{you are right. this was the first time i have 
played the stonewall opening. u made it 
interesting.}  0-1

[Event "HCL-B262"]
[Site "www.playchess.de"]
[Date "2001.04.14"]
[Round "29"]
[White "runciter"]
[Black "gigabyte"]
[WhiteElo "1487"]
[BlackElo "1422"]
[PlyCount "79"]
[Result "1-0"]

1.g3 g6 2.c3 d5 3.d4 Nf6 4.Bg2 Bf5 5.Nf3 Bg7 6.O-O 
O-O 7.Qb3 b6 8.Nbd2 Nc6 9.Nh4 Bg4 10.Re1 e5 11.h3 
Be6 12.dxe5 Nxe5 13.Nhf3 Nxf3+ 14.Nxf3 c5 15.Ng5 
Bf5 16.g4 Bc8 17.Bf4 Bb7 18.e4 h6 19.e5 a5 20.exf6 
Qxf6 21.Nxf7 Qxf4 22.Nxh6+ Bxh6 23.Bxd5+ Bxd5 
24.Qxd5+ Qf7 25.Qxf7+ Rxf7 26.Re6 Rf6 27.Rxf6 b5 
28.Rxg6+ Kh7 {thats what i get for leting the kids 
on the puter}  29.Rc6 {well, my kiddies are not so 
old ... :-) next time}  c4 30.Rb6 b4 31.cxb4 Bd2 
32.bxa5 Rxa5 33.Rc6 Ra4 34.a3 Bf4 35.Re1 Ra7 
36.Rxc4 Bd2 {good game...well played}  37.Re6 
{thank you, an interesting game ...}  Bg5 38.f4 
Bh4 39.g5 Rg7 40.Rh6+ 1-0

[Event "HCL-B262"]
[Site "www.playchess.de"]
[Date "2001.04.14"]
[Round "33"]
[White "runciter"]
[Black "Leno"]
[WhiteElo "1487"]
[BlackElo "1200"]
[PlyCount "81"]
[Result "1-0"]

1.d4 d5 2.Bg5 h6 3.Bh4 Nf6 4.Bxf6 exf6 5.e3 Bd6 
6.Nf3 Nc6 7.c4 dxc4 8.Bxc4 Bg4 9.Nbd2 Bb4 10.Qb3 
O-O 11.O-O a5 12.a3 a4 13.Qc2 Bd6 14.h3 Bh5 15.Bb5 
Bg6 16.Qd1 Ne7 17.Bxa4 Bh5 18.Bb3 f5 19.Qc1 Ng6 
20.Bc2 Nh4 21.Nxh4 Qxh4 22.Bxf5 Ra5 23.Be4 Rg5 
24.Kh1 f5 25.Nf3 Bxf3 26.Bxf3 f4 27.e4 c6 28.e5 
Bc7 29.Kh2 Rd8 30.Qc4+ Kh8 31.Rad1 Rf5 32.b4 Qe7 
33.Qd3 Rff8 34.Rfe1 Qh4 35.Re2 Rfe8 36.Qf5 Ref8 
37.Qg4 Qxg4 38.Bxg4 Rfe8 39.Re4 Bxe5 40.dxe5 Rxd1 
41.Bxd1 1-0

[Event "HCL-C271"]
[Site "www.playchess.de"]
[Date "2001.04.14"]
[Round "8"]
[White "falko"]
[Black "Stephen21"]
[WhiteElo "1000"]
[BlackElo "1175"]
[PlyCount "62"]
[Result "0-1"]

1.e4 d5 2.d4 dxe4 3.Nc3 Nf6 4.f3 exf3 5.gxf3 Nc6 
6.f4 Bg4 7.Nf3 Nxd4 8.Bg2 g6 9.h3 Nxf3+ 10.Bxf3 
Qxd1+ 11.Nxd1 Bxf3 12.Nf2 Rd8 13.Be3 Bg7 14.Rh2 
O-O 15.Bc5 Rfe8 16.h4 Nh5 17.c3 Nxf4 18.Bd4 Bxd4 
19.Rd1 Bxd1 20.Nxd1 Bg1 21.Re2 Nxe2 22.Kxe2 e5 
23.b4 f5 24.Nb2 f4 25.Kf3 e4+ 26.Kxf4 e3 27.Nc4 
{clever}  e2 {thanks}  28.Ne5 e1Q {%}  29.Ng4 Qe4+ 
30.Kg5 Rd5+ 31.Kf6 Rf8+ 0-1

[Event "HCL-C269"]
[Site "www.playchess.de"]
[Date "2001.04.14"]
[Round "7"]
[White "Leon"]
[Black "craigsadler"]
[WhiteElo "1644"]
[BlackElo "799"]
[PlyCount "31"]
[Result "1-0"]

1.e4 {Hello Criag.}  c6 2.d4 d5 {hello!}  3.exd5 
{What part of Canada are you from?}  cxd5 {the 
nation's capital...ottawa!}  4.c4 {Do you speak 
French?}  Nf6 {lol...not at all!  i came to ottawa 
to learn to speak french, but i think i've forgot 
more than i le}  5.Nc3 {Where are you from 
originally?}  e6 {owen sound, a town in western 
ontario}  6.Nf3 {I thought that in Ontario, French 
was spoken.}  Bb4 {no, french is spoken in quebec, 
ontario is mostly english}  7.Bd2 {I see. What do 
you do for a living?}  O-O {computer support over 
the phone...how about you?}  8.Bd3 {I'm a CNC 
Machinist.}  Nc6 9.O-O h6 10.Qc1 b6 11.Bxh6 Ng4 
12.Bxg7 Kxg7 13.Qf4 Nf6 14.Qg5+ {Mate in 5 moves.} 
 Kh8 15.Qh6+ Kg8 16.Ng5 1-0

[Event "HCL-C273"]
[Site "www.playchess.de"]
[Date "2001.04.14"]
[Round "5"]
[White "SpiderP"]
[Black "Toady"]
[WhiteElo "899"]
[BlackElo "743"]
[PlyCount "60"]
[Result "0-1"]

1.e4 e5 2.Nf3 Nc6 3.Bc4 Nf6 4.d4 exd4 5.O-O Bc5 
6.e5 Ne4 7.Bd5 Nb4 8.Bxe4 d5 9.Bg5 Be7 10.Bxe7 
Qxe7 11.Qxd4 a5 12.Bxd5 Nxd5 13.Qxd5 c6 14.Qd2 O-O 
15.Nc3 Rd8 16.Qf4 b5 17.Ne4 Qb4 18.Neg5 Qxf4 
19.Rad1 Rxd1 20.Rxd1 Bf5 21.b3 Bxc2 22.g3 Qb4 
23.Rd7 Bg6 24.h4 Rf8 25.e6 fxe6 26.Ne5 Qe1+ 27.Kg2 
Rxf2+ 28.Kh3 Bf5+ 29.g4 Qh1+ 30.Kg3 
Qg2+ 0-1

[Event "HCL-A121"]
[Site "www.playchess.de"]
[Date "2001.04.14"]
[Round "5"]
[White "Eaglewingz"]
[Black "Translightor"]
[WhiteElo "1535"]
[BlackElo "1447"]
[PlyCount "69"]
[Result "1-0"]

1.e4 {Hello, here's to a good game!}  c5 {Let's 
prove that the highlights of PlayChess are on the 
boards, not in the forum!}  2.Nf3 {Definitely! 
8-)}  e6 3.Nc3 {.}  a6 4.d4 cxd4 5.Nxd4 b5 6.Bd3 
Bb7 7.O-O d6 8.a3 Nf6 9.Re1 Nbd7 10.f4 Be7 11.Qf3 
Qc7 12.Qg3 O-O 13.Kh1 Rfe8 14.f5 e5 15.Nf3 g6 
16.fxg6 hxg6 17.Bg5 Kg7 18.Nh4 Nh5 19.Qg4 Ndf6 
20.Bxf6+ Bxf6 21.Nf5+ Kh7 22.Nd5 Bxd5 23.exd5 Nf4 
24.Ne3 Reh8 25.Be4 Rag8 26.g3 Nh5 {Good heavens!}  
27.Qxh5+ {Yep, I'm afraid 24...Nxd3 was best... 
:)}  Kg7 28.Qg4 {.}  Kf8 {Does that mean that 
you've got the point?}  29.Ref1 {:) I  get tired 
of looking at the message for 4 moves...}  Qe7 
30.Qf3 Bg5 31.a4 bxa4 32.Rxa4 Qb7 33.Rxa6 Bxe3 
{Hope?}  34.Ra8+ {hmm...}  Kg7 {Well... This is my 
last move. Congratulations and thanks for the 
game!}  35.Rxg8+ {Thanks...I think it was anyone's 
game til about move 25... Thanks for the game... c 
ya!}  1-0

[Event "HCL-C263"]
[Site "www.playchess.de"]
[Date "2001.04.14"]
[Round "6"]
[White "lienk"]
[Black "sander"]
[WhiteElo "1021"]
[BlackElo "867"]
[PlyCount "52"]
[Result "0-1"]

1.e4 e5 2.Nf3 Nc6 3.Bc4 Nf6 4.d3 Bb4+ 5.c3 Ba5 
6.Be3 O-O 7.O-O d5 8.exd5 Nxd5 9.Qb3 Be6 10.Re1 h6 
11.d4 Nxe3 12.Rxe3 Bxc4 13.Qxc4 Qd7 14.d5 Ne7 
15.Nxe5 Qxd5 16.Na3 Qd2 17.Nxf7 Rxf7 18.Rxe7 Raf8 
19.Qe6 Qxb2 20.Rb1 Qxa3 21.Rb3 Qxe7 22.Qd5 Qf6 
23.f3 Bb6+ 24.Kh1 Qf4 25.c4 Qc1+ 26.Qd1 
Qxd1+ 0-1

[Event "HCL-A122"]
[Site "www.playchess.de"]
[Date "2001.04.14"]
[Round "15"]
[White "Gutovsky"]
[Black "jmcerna"]
[WhiteElo "1700"]
[BlackElo "1631"]
[PlyCount "43"]
[Result "1-0"]

1.e4 c5 2.Nf3 Nc6 3.d4 cxd4 4.Nxd4 Nf6 5.Nc3 e5 
6.Ndb5 d6 7.Bg5 Be7 8.Bxf6 gxf6 9.Nd5 O-O 10.Nbc7 
Rb8 11.Qh5 Be6 12.Bd3 Nb4 13.Rd1 f5 14.Nxb4 Qxc7 
15.exf5 Bf6 16.fxe6 fxe6 17.Qg4+ Qg7 18.Qxg7+ Bxg7 
19.c3 d5 20.f3 a6 21.Ke2 Rbc8 22.Rhe1 1-0

[Event "HCL-A125"]
[Site "www.playchess.de"]
[Date "2001.04.14"]
[Round "2"]
[White "Whatever"]
[Black "Flemming"]
[WhiteElo "1535"]
[BlackElo "1848"]
[PlyCount "59"]
[Result "1/2-1/2"]

1.e4 {Have a good game.}  c6 {Hi again!}  2.d4 
{Good morning to you.}  d5 {Nice little trick you 
pulled on me last time! Won't work again :-)}  
3.e5 {In a way I hoped we could do it again:-).}  
Bf5 4.Bd3 Bxd3 5.Qxd3 e6 6.Ne2 Nd7 7.O-O Qc7 8.f4 
Nh6 9.Ng3 g6 10.Nd2 O-O-O 11.Nf3 Kb8 12.Be3 Be7 
13.h3 Rdg8 14.a3 Nf5 15.Ne2 c5 16.c3 h6 17.b4 c4 
18.Qd2 Nf8 19.Kh2 g5 20.fxg5 Nxe3 21.Qxe3 hxg5 
22.g4 f5 23.Rfg1 f4 24.Qd2 Ng6 25.Rgh1 Rh6 26.Neg1 
Rgh8 27.Kg2 Qc8 28.Ra2 R8h7 29.Qd1 Qe8 
30.Rf2 1/2-1/2

[Event "HCL-A122"]
[Site "www.playchess.de"]
[Date "2001.04.14"]
[Round "20"]
[White "Whatever"]
[Black "Gutovsky"]
[WhiteElo "1535"]
[BlackElo "1700"]
[PlyCount "50"]
[Result "0-1"]

1.e4 {Have a good game.}  c5 2.Nf3 d6 3.d4 cxd4 
4.Nxd4 Nf6 5.Nc3 a6 6.Bg5 e6 7.f4 Be7 8.Qf3 Qc7 
9.O-O-O Nbd7 10.g4 b5 11.Bxf6 Nxf6 12.g5 Nd7 13.h4 
b4 14.Nce2 Bb7 15.Ng3 Rc8 16.Rh2 d5 17.e5 O-O 
18.h5 Nxe5 19.fxe5 Bxg5+ 20.Kb1 Qxe5 21.Re2 {very 
nice.}  Qf4 22.Bh3 Rc7 23.h6 Qxf3 24.Nxf3 Bxh6 
25.Nd4 Bc8 0-1

[Event "HCL-A127"]
[Site "www.playchess.de"]
[Date "2001.04.14"]
[Round "8"]
[White "One_i"]
[Black "BogPhinneas"]
[WhiteElo "1709"]
[BlackElo "1700"]
[PlyCount "42"]
[Result "1/2-1/2"]

1.d4 {Good luck to you from Canada}  Nf6 {Hi, good 
luck from Brazil. Nice to meet you!}  2.Nf3 d6 
3.Bf4 Nbd7 4.e3 g6 5.Bc4 Bg7 6.Nbd2 O-O 7.O-O c6 
8.c3 h6 9.Qc2 Nh5 10.Bg3 Nxg3 11.fxg3 e5 12.Bxf7+ 
Rxf7 13.Qxg6 Nf8 14.Qd3 exd4 15.exd4 Bf5 16.Qe3 
Qe7 17.Rae1 Qxe3+ 18.Rxe3 Ng6 19.Rfe1 {I'll be a 
nice guy and offer you a draw!}  Kf8 20.h3 Bd7 
21.Ne4 Re8 1/2-1/2

[Event "ACL-A154"]
[Site "www.playchess.de"]
[Date "2001.04.14"]
[Round "6"]
[White "Zeus"]
[Black "morphy"]
[WhiteElo "1500"]
[BlackElo "1500"]
[PlyCount "63"]
[Result "1-0"]

1.e4 d5 2.exd5 Qxd5 3.d4 Nc6 4.Nf3 e5 5.Nc3 Bb4 
6.Bd2 Bxc3 7.Bxc3 e4 8.Ne5 Nxe5 9.dxe5 Ne7 10.Be2 
Be6 11.O-O {You are playing very well.}  O-O 
{Thanks.  I am trying to not be destroyed by you.} 
 12.Qxd5 {Don't worry about me...just play the 
board.  This isn't OTB.}  Nxd5 13.Bd2 Rfd8 14.Rfe1 
Nb6 15.Bf4 h6 16.a3 Rd7 17.Rad1 Nd5 18.Bc1 Rad8 
{Good game so far!}  19.f3 {Challenging and 
intriguing}  exf3 20.Bxf3 a5 21.g4 Ne7 22.Rxd7 
Rxd7 23.h3 Nd5 24.Kf2 Nf4 25.Bxf4 Bd5 {What a 
stupid move I made...didn't even take time to look 
it over!}  26.e6 {I was shocked!!!}  fxe6 27.Bxd5 
exd5 28.Re8+ Kh7 29.Rc8 c6 30.Rc7 Rxc7 31.Bxc7 a4 
32.Ke3 1-0

[Event "HCL-B282"]
[Site "www.playchess.de"]
[Date "2001.04.14"]
[Round "5"]
[White "SAROS"]
[Black "knightmare"]
[WhiteElo "1273"]
[BlackElo "1500"]
[PlyCount "30"]
[Result "0-1"]

1.e4 {Hello from Istanbul}  e5 {Greetings from New 
York}  2.Nf3 Nc6 3.Bb5 Nf6 4.Bxc6 bxc6 5.d3 d6 
6.O-O Bg4 7.Nbd2 Be7 8.c4 O-O 9.Qa4 Bd7 10.Qc2 d5 
11.Nxe5 dxe4 12.Nxd7 Qxd7 13.dxe4 Rfe8 14.f3 Rab8 
15.b3 Qd4+ 0-1

[Event "HCL-C282"]
[Site "www.playchess.de"]
[Date "2001.04.14"]
[Round "1"]
[White "Coney"]
[Black "Trodat"]
[WhiteElo "1167"]
[BlackElo "1221"]
[PlyCount "27"]
[Result "1-0"]

1.d4 d5 2.c4 dxc4 3.Nf3 b5 4.Nc3 Nc6 5.e4 Bg4 6.d5 
Nb4 7.a4 a6 8.axb5 axb5 9.Rxa8 Qxa8 10.Nxb5 Qc8 
11.Bxc4 c6 12.dxc6 Qxc6 13.Bxf7+ Kxf7 
14.Ne5+ 1-0

[Event "HCL-C284"]
[Site "www.playchess.de"]
[Date "2001.04.14"]
[Round "6"]
[White "jjbranc"]
[Black "Eusebio"]
[WhiteElo "1350"]
[BlackElo "1000"]
[PlyCount "51"]
[Result "1-0"]

1.e4 e5 2.Nf3 Nf6 3.d3 Nc6 4.g3 Bc5 5.Bg2 d5 6.O-O 
Qd6 7.Nc3 O-O 8.Nb5 Qd7 9.Ng5 Qg4 10.Bf3 Qh3 
11.Nxh3 Bxh3 12.Nxc7 Rad8 13.Re1 Nd4 14.c3 dxe4 
15.dxe4 Nc6 16.Qe2 Rd7 17.Nd5 Rd6 18.Nxf6+ Rxf6 
19.Be3 Bd6 20.Bg5 Rg6 21.Be3 Re8 22.Bh5 Rf6 
23.Rad1 Kf8 24.Bg5 Rfe6 25.Qf3 Bc5 
26.Qxf7+ 1-0